000 00673nam a2200181Ia 4500
008 151202s9999||||xx |||||||||||||| ||und||
082 _bPNVM-40573
100 _aतांदळे ज्ञानेश्वर.
245 _aसंपूर्ण दासबोध सार.
260 _b"अंजी प्रकाशन,पुणे."
260 _c1995
300 _a196
600 _aतांदळे ज्ञानेश्वर.
630 _aसंपूर्ण दासबोध सार.
700 _aतांदळे ज्ञानेश्वर.
730 _aसंपूर्ण दासबोध सार.
942 _cBOOK
999 _c1306525
_d1306522